| 000 | 00600nam a2200205 4500 | ||
|---|---|---|---|
| 001 | 127099 | ||
| 003 | ES-MaACL | ||
| 005 | 20230906192938.0 | ||
| 007 | t| | ||
| 008 | 070214s1926 sp |||| | spa d | ||
| 080 | _a821.134.2(72)"19" | ||
| 100 | 1 |
_aReyes, Alfonso, _d1889-1959 _996554 |
|
| 245 | 1 | 0 |
_aReloj de sol _b: quinta serie de Simpatías y diferencias / _cAlfonso Reyes. |
| 246 | 3 | 8 | _aSimpatías y diferencias |
| 260 |
_aMadrid : _b[s.n.], _c1926 ( _fTip. Artística) |
||
| 300 |
_a207 p. ; _c18 cm. |
||
| 500 | _aEn el lomo: V. | ||
| 852 |
_aES-MaACL _jF-3352 |
||
| 999 |
_c127099 _d127099 |
||